[Event "Belgrade Trophy 17th"]
[Site "Obrenovac"]
[Date "2004.11.22"]
[Round "1"]
[White "Karic, Radovan"]
[Black "Pavlovic, Milos M"]
[Result "0-1"]
[WhiteElo "2132"]
[BlackElo "2454"]
[PlyCount "74"]
[EventDate "2004.11.22"]
[EventType "swiss"]
[EventRounds "9"]
[EventCountry "YUG"]
[SourceTitle "CBM 103 Extra"]
[Source "ChessBase"]
[SourceDate "2005.01.01"]
[SourceVersion "1"]
[SourceVersionDate "2005.01.01"]
[SourceQuality "1"]

1. d4 Nf6 2. c4 c5 3. d5 b5 4. cxb5 a6 5. Nc3 axb5 6. Nxb5 Ba6 7. Nc3 d6 8. e4 Bxf1 9. Kxf1 g6 10. Nge2 Bg7 11. f3 0-0 12. Be3 Na6 13. Qd2 Nd7 14. Bh6 Bxh6 15. Qxh6 Qb6 16. h4 f6 17. Rb1 Nb4 18. Nf4 Rf7 19. a3 Nc2 20. Ne6 Ne5 21. Qd2 Nc4 22. Qd3 Qb3 23. Kf2 f5 24. h5 Ne5 25. Qd2 fxe4 26. Nxe4 Nxf3 27. hxg6 Nxd2+ 28. gxf7+ Kh8 29. Nxd2 Qe3+ 30. Kf1 Qxd2 31. Rh3 Ne3+ 32. Rxe3 Qxe3 33. Re1 Qd3+ 34. Kg1 Qxd5 35. f8Q+ Rxf8 36. Nxf8 Qd4+ 37. Kh1 Qh4+ 0-1